Central Library OPAC University of Rajshahi

Medieval cities : (Record no. 64589)

MARC details
000 -LEADER
fixed length control field 00869nam a2200265 a 4500
001 - CONTROL NUMBER
control field 64589
003 - CONTROL NUMBER IDENTIFIER
rucl marc code BD-RjUL
005 - DATE AND TIME OF LATEST TRANSACTION
control field 20211209081326.0
008 - FIXED-LENGTH DATA ELEMENTS--GENERAL INFORMATION
fixed length control field 170216r19391948xxu |||| |||| 001 0 eng d
035 ## - SYSTEM CONTROL NUMBER
System control number (BD-RjUL)64719
040 ## - CATALOGING SOURCE
Original cataloging agency BD-RjUL
Language of cataloging eng
Transcribing agency BD-RjUL
041 ## - LANGUAGE CODE
Language code of text/sound track or separate title eng
082 ## - DEWEY DECIMAL CLASSIFICATION NUMBER
Edition number 23
Classification number 307.760902
Author mark and year PIM 1948
100 1# - MAIN ENTRY--PERSONAL NAME
Personal name Pirenne, Henri
9 (RLIN) 191562
245 10 - TITLE STATEMENT
Title Medieval cities :
Remainder of title their origins and the revival of trade /
Statement of responsibility, etc. Henri Pirenne, translated from the french by Frank D. Halsey.
250 ## - EDITION STATEMENT
Edition statement rev. ed.
260 ## - PUBLICATION, DISTRIBUTION, ETC. (IMPRINT)
Place of publication, distribution, etc. Princeton, N.J. :
Name of publisher, distributor, etc. Princeton University Press,
Date of publication, distribution, etc. 1939 [printing 1948].
300 ## - PHYSICAL DESCRIPTION
Pagination xii, 253 p.
Size 19 cm.
500 ## - GENERAL NOTE
General note Includes index.
650 ## - SUBJECT ADDED ENTRY--TOPICAL TERM
Topical term or geographic name as entry element Cities and towns, Medieval
9 (RLIN) 171184
Topical term or geographic name as entry element Commerce
General subdivision History.
Geographic subdivision Europe
9 (RLIN) 191563
Topical term or geographic name as entry element Commerce.
9 (RLIN) 174075
700 ## - ADDED ENTRY--PERSONAL NAME
Personal name Halsey, Frank D.
942 ## - ADDED ENTRY ELEMENTS (KOHA)
Source of classification or shelving scheme Dewey Decimal Classification
Koha item type Books
Holdings
Lost status Source of classification or shelving scheme Damaged status Not for loan Collection code Permanent Location Current Location Shelving location Date acquired Source of acquisition Cost, normal purchase price Total Checkouts Full call number Date last seen Copy number Koha item type
  Dewey Decimal Classification   Not For Loan Non-fiction Central Library, University of Rajshahi Central Library, University of Rajshahi Reading Room 04/08/1955 O.U.P 14.00   307.760902 PIM 1948 16/02/2017 C-1 Books